<?xml version="1.0" encoding="UTF-8"?><?xml-stylesheet type="text/xsl" href="static/style.xsl"?><OAI-PMH xmlns="http://www.openarchives.org/OAI/2.0/" xmlns:xsi="http://www.w3.org/2001/XMLSchema-instance" xsi:schemaLocation="http://www.openarchives.org/OAI/2.0/ http://www.openarchives.org/OAI/2.0/OAI-PMH.xsd"><responseDate>2026-04-17T00:58:00Z</responseDate><request verb="GetRecord" identifier="oai:www.recercat.cat:2072/376135" metadataPrefix="marc">https://recercat.cat/oai/request</request><GetRecord><record><header><identifier>oai:recercat.cat:2072/376135</identifier><datestamp>2024-12-21T03:39:27Z</datestamp><setSpec>com_2072_220028</setSpec><setSpec>com_2072_4427</setSpec><setSpec>col_2072_220407</setSpec></header><metadata><record xmlns="http://www.loc.gov/MARC21/slim" xmlns:dcterms="http://purl.org/dc/terms/" xmlns:xsi="http://www.w3.org/2001/XMLSchema-instance" xmlns:doc="http://www.lyncode.com/xoai" xsi:schemaLocation="http://www.loc.gov/MARC21/slim http://www.loc.gov/standards/marcxml/schema/MARC21slim.xsd">
   <leader>00925njm 22002777a 4500</leader>
   <datafield ind2=" " ind1=" " tag="042">
      <subfield code="a">dc</subfield>
   </datafield>
   <datafield ind2=" " ind1=" " tag="720">
      <subfield code="a">Llobet i Font, Sílvia</subfield>
      <subfield code="e">author</subfield>
   </datafield>
   <datafield ind2=" " ind1=" " tag="720">
      <subfield code="a">Pugès i Dorca, Montserrat</subfield>
      <subfield code="e">author</subfield>
   </datafield>
   <datafield ind2=" " ind1=" " tag="720">
      <subfield code="a">Bertral Arias, Anna</subfield>
      <subfield code="e">author</subfield>
   </datafield>
   <datafield ind2=" " ind1=" " tag="260">
      <subfield code="c">2017</subfield>
   </datafield>
   <datafield ind2=" " ind1=" " tag="520">
      <subfield code="a">The construction of the high-speed rail line through the city of Barcelona, which began in 2008, made it possible to conduct an archaeological impact assessment on a 3.7-kilometer tract of land, the largest site ever excavated in the city. The construction of La Sagrera Station uncovered the remains of a Roman villa and several pavements, including an early fifthcentury opus tessellatum. This paper reflects on the cost of progress at the expense of heritage conservation and illustrates the social dimension and positive impact the discovery could have for the district, despite its physical disappearance.</subfield>
   </datafield>
   <datafield ind1="8" ind2=" " tag="024">
      <subfield code="a">9781606065334</subfield>
   </datafield>
   <datafield ind1="8" ind2=" " tag="024">
      <subfield code="a">http://hdl.handle.net/2072/376135</subfield>
   </datafield>
   <datafield tag="653" ind2=" " ind1=" ">
      <subfield code="a">Mosaics -- Conservació i restauració</subfield>
   </datafield>
   <datafield ind2="0" ind1="0" tag="245">
      <subfield code="a">Discovering and Safeguarding the Mosaics at the Pont del Treball Roman Villa in Barcelona</subfield>
   </datafield>
</record></metadata></record></GetRecord></OAI-PMH>